Sports Quiz

Random Sports Quiz
Score 0/81 Timer 20:00
0 Plays Today
Poste / Club / Nationalité Joueur % Correct
Attaquant PSG - BRÉNeymar
86.8%
Défenseur MHSC - BRÉHilton
86%
Gardien PSG - ALLTrapp
84.2%
Défenseur PSG - BRÉMarquinhos
80.4%
Attaquant PSG - URUCavani
76.9%
Attaquant MHSC - FRADelort
76.8%
Milieu PSG - ITAVerratti
76.3%
Défenseur PSG - BRÉThiago Silva
74.5%
Attaquant PSG - FRAMbappé
74.4%
Attaquant - ARGDi Maria
73.6%
Gardien PSG - FRAAreola
69.4%
Défenseur PSG - IVOAurier
68.6%
Attaquant MHSC - FRALaborde
64.1%
Défenseur PSG - FRAKurzawa
63.6%
Défenseur PSG - FRAKimpembe
62.5%
Milieu PSG - ARGParedes
59.3%
Défenseur PSG - BELMeunier
58.4%
Milieu PSG - ITAMotta
57.6%
Défenseur PSG - ESPBernat
56.1%
Défenseur PSG - BRÉMaxwell
55.2%
Milieu PSG - FRAMatuidi
54.7%
Défenseur MHSC - FRACongré
54.2%
Attaquant PSG - ITAIcardi
52.3%
Milieu MHSC - FRASavanier
50.5%
Milieu PSG - ALLDraxler
49.5%
Attaquant MHSC - FRAMollet
47.9%
Milieu PSG - FRARabiot
47.4%
Poste / Club / Nationalité Joueur % Correct
Gardien MHSC - FRALecomte
47.4%
Attaquant PSG - ARGLavezzi
47.1%
Attaquant PSG - BRÉLucas
47.1%
Gardien PSG - ITABuffon
47.1%
Défenseur PSG - FRADagba
45.4%
Milieu PSG - ARGPastore
44.5%
Milieu MHSC - SÉNGueye
43.8%
Défenseur PSG - BRÉAlves
42.7%
Défenseur droit - HOLVan der Wiel
41.4%
Défenseur PSG - ALLKehrer
39.7%
Défenseur PSG - BRÉDavid Luiz
39.4%
Milieu PSG - ESPSarabia
36.5%
Gardien MHSC - ARGRulli
33.9%
Attaquant PSG - CAMChoupo-Moting
33.6%
Défenseur MHSC - PORMendes
30.8%
Milieu PSG - POLKrychowiak
30.2%
Milieu PSG - ARGLo Celso
29.6%
Défenseur MHSC - FRAAguilar
28%
Milieu PSG/MHSC - FRAStambouli
27.9%
Milieu PSG - FRANkunku
26.5%
Milieu MHSC - FRAFerri
26%
Défenseur PSG - ESPBerchiche
21.3%
Milieu MHSC - ALGBoudebouz
20.8%
Défenseur MHSC - FRASouquet
20.2%
Milieu MHSC - FRALe Tallec
19.9%
Défenseur MHSC - CAMOyongo
18.5%
Gardien MHSC - FRAPionnier
17.2%
Poste / Club / Nationalité Joueur % Correct
Milieu MHSC - FRASanson
17.1%
Défenseur PSG - FRAKouassi
17%
Attaquant MHSC - TCHADNinga
16.4%
Défenseur MHSC - FRASambia
16.3%
Défenseur MHSC - ALGBensebaini
15.6%
Attaquant MHSC - SERSkuletic
15%
Milieu MHSC - TUNSkhiri
14.4%
Milieu MHSC - BÉNSessegnon
11.3%
Défenseur MHSC - FRAMukiele
11.2%
Défenseur MHSC - FRA Roussillon
10.8%
Milieu MHSC - FRALasne
10.4%
Défenseur MHSC - FRACozza
9.9%
Gardien MHSC - FRABertaud
9.8%
Attaquant MHSC - FRAMounier
9.3%
Milieu MHSC - FRAChotard
8.4%
Gardien MHSC - FRA/BENLigali
8%
Milieu MHSC - FRAMartin
7.8%
Défenseur MHSC - URUSuarez
3.9%
Milieu MHSC - BELMbenza
3.5%
Milieu MHSC - FRAMarveaux
3.4%
Milieu MHSC - FRADabo
2.8%
Attaquant MHSC - COMBakar
2%
Attaquant MHSC - FRABérigaud
1.5%
Défenseur droit - FRARémy
1.4%
Défenseur MHSC - FRARémy
1.4%
Milieu MHSC - TCHPokorny
1.3%
Défenseur MHSC - FRASaint-Ruf
1%
Remove Ads.
Support Sporcle.
Get the best of Sporcle when you Go Orange. This ad-free experience offers more features, more stats, and more fun while also helping to support Sporcle. Thank you for becoming a member.

You're not logged in!

Compare scores with friends on all Sporcle quizzes.
OR
Log In

Show Comments

Extras

Created Dec 5, 2020ReportNominate
Tags:club, des, les, poste, PSG

Top Quizzes Today


Score Distribution

Your Account Isn't Verified!

In order to create a playlist on Sporcle, you need to verify the email address you used during registration. Go to your Sporcle Settings to finish the process.

Report this User

Report this user for behavior that violates our Community Guidelines.

Details: